History Quiz

Random History or Clip Quiz

History As We Heard It Quiz Stats

Quiz Updated Jul 27, 2017

Challenge
Share
Tweet
Score 0/24 Timer 08:00
0 Plays Today
Range Speaker % Correct
0:14-0:24Richard M. Nixon
94.6%
1:27-1:39George W. Bush
93.3%
0:40-0:59John F. Kennedy
91%
3:01-3:20Martin Luther King Jr.
88.9%
2:02-2:12Neil Armstrong
87.2%
0:59-1:17Ronald Reagan
85%
0:00-0:14Franklin D. Roosevelt
84.5%
2:32-2:43Adolf Hitler
81.7%
1:39-1:53Winston Churchill
79.3%
2:12-2:22Fidel Castro
77.2%
3:20-3:40Harry S. Truman
64.6%
4:53-5:07Margaret Thatcher
60.7%
Range Speaker % Correct
2:43-3:01Nelson Mandela
59.9%
4:13-4:38Robert F. Kennedy
45.9%
1:53-2:02Amelia Earhart
43.2%
3:57-4:13Walter Cronkite
42.7%
0:24-0:40Neville Chamberlain
42%
5:23-5:45Ed Sullivan
37.1%
2:22-2:32Douglas MacArthur
26.7%
1:17-1:27Edward VIII
19.8%
4:44-4:53Mohandas Gandhi
19.2%
5:07-5:23Albert Einstein
18.8%
4:38-4:44James Lovell
16.5%
3:40-3:57Yitzhak Rabin
16.4%

You're not logged in!

Compare scores with friends on all Sporcle quizzes.
Sign Up with Email
OR
Log In

You Might Also Like...

Show Comments

Extras

Top Quizzes Today


Score Distribution

Your Account Isn't Verified!

In order to create a playlist on Sporcle, you need to verify the email address you used during registration. Go to your Sporcle Settings to finish the process.